| 000 | 00706cam a2200229ua 4500 | ||
|---|---|---|---|
| 005 | 20211026112956.0 | ||
| 008 | 151012n ii |||gr||||Z||||||asm | ||
| 020 | _a9788191068931 | ||
| 040 |
_cMAIN _aIN-DiNC |
||
| 041 | _dasm | ||
| 082 |
_a339 _bCHA |
||
| 100 |
_aChaudhury, Rabindra Kumar, _eauthor |
||
| 245 | 1 |
_aPrarombhik samastibadi arthabigyan (Class XII)/ _cby Rabindra Kumar Chaudhury and Susmita Priyadarshini |
|
| 250 | _a2nd ed. | ||
| 260 |
_aGuwahati: _bRupalim prakashan, _c2012. |
||
| 300 | _a184p. | ||
| 650 | _aHS economics (II) | ||
| 650 | _aMacrorconomics (HS 2nd year) | ||
| 653 | _aMacroeconomics & related topics | ||
| 700 |
_aPriyodarshini, Susmita, _eauthor |
||
| 942 |
_cBK _2ddc |
||
| 999 |
_c8535 _d8535 |
||